| 000 | 00365nam a2200169Ia 4500 | ||
|---|---|---|---|
| 100 | _aOrthwein/William C | ||
| 650 | _aDesign | ||
| 250 | _a2 | ||
| 942 | _cRB | ||
| 366 | _f27 | ||
| 245 | _aClutches and Brakes:Design and selection | ||
| 260 |
_bMarcel Dekker _c2004 |
||
| 082 |
_a629.246 _bORT |
||
| 300 | _a330 | ||
| 546 |
_aENGLISH _cInfo.Tech |
||
| 999 |
_c29308 _d29308 |
||